000 00887nam a2200193 a 4500
005 20180803170406.0
008 170609nxx ck ao|||r|||| 00| 0 spa d
040 _aCO-BoIAVH
_cCO-BoIAVH
041 0 _aspa
044 _ack
090 _aFH-
_b0059
245 0 0 _aLa Conservación de los Rios Barbas, Roble, Consota,Cestillal, La Quebrada Boquía y la Reserva Bremen en un área protegida
260 _aBogotá (Colombia) :
_bInstituto de Investigación de Recursos Biológicos Alexander von Humboldt :
_bCorporación Autónoma Regional del Quindío :
_bCorporación Autónoma Regional de Risaralda,
_c[s.f.].
300 _a1 folleto plegable :
_bilustraciones a color y fotografías a color ;
_c24 x 17 cm.
650 2 6 _aCursos de agua
_xconservación
_zColombia
650 2 4 _aRíos
_xconservación
_zColombia
650 2 6 _aReservas naturales
942 _2z
_cFolleto
999 _c19593
_d19593